000 01646cam a2200229 4500
001 L136742
008 070221n2007 000 0 eng u
022 _a14653001
035 _a(Sirsi) u136742
041 0 _aeng
050 _a306.1 $2 18
100 1 _aHills, John
245 0 0 _aEnds and means
_bthe future roles of social housing in England
260 _aLondon
_bLSE
_c2007
505 2 _aWhat are we trying to achieve?: aims; policy instruments -- What are we doing?: the overall housing background; social housing background; what do we spend? -- How are we doing?: decent homes? the quality of social housing; a price within people's means?; allowing a social mix?; supporting mobility and livlihoods?; alternative forms of support; changing pressures -- What else could we do?: fundamental reform options; the experience with recent reforms; the importance of the existing stock; mixed-income neighbourhoods; supporting livlihoods; offering a varied menu.
520 _aCovers key questions on the future role of social housing, in particular: What can social housing do in helping create genuinely mixed communities? Can the way we run it encourage social mobility and opportunities, including in the labour market, for people to get on in their lives? And can social housing and other support be more responsive to changing needs and enable greater geographical mobility?
590 _aKA NTK
651 4 _aEngland
_y886-
690 _aPROPERTY-PROPERTY MANAGEMENT-REGENERATION
856 4 0 _uhttps://sticerd.lse.ac.uk/case/publications/reports.asp
_zView the report free of charge at http://sticerd.lse.ac.uk...
942 _n0
999 _c106494
_d106494